Nato Rüstungsausgaben - Statistiken

Allgemein
  • Dieses Quiz wurde 115 mal gespielt
  • Das Durchschnittsergebnis liegt bei 13 aus 15
Antwortstatistiken
Hint Antwort % Korrekt
811,1 Mrd. $ USA
100%
63,3 Mrd. $ Deutschland
98%
57,1 Mrd. $ Frankreich
95%
32,7 Mrd. $ Italien
95%
14,5 Mrd. $ Spanien
95%
26,9 Mrd. $ Kanada
88%
14,6 Mrd. $ Niederlande
88%
15,4 Mrd. $ Polen
88%
6,4 Mrd. $ Belgien
86%
8,2 Mrd. $ Norwegen
84%
13 Mrd. $ Türkei
83%
72,7 Mrd. $ Großbritannien
76%
7,7 Mrd. $ Griechenland
74%
5,5 Mrd. $ Dänemark
71%
5,3 Mrd. $ Rumänien
63%
Keine übereinstimmenden Quizze gefunden
Verteilung der Resultate
Anzahl Personen mit jedem Resultat
Perzentil nach korrekt beantworteten Fragen
Ihre Resultats-Entwicklung
Sie haben dieses Quiz noch nicht gespielt